000 00557nam a2200193Ia 4500
005 20250508165621.0
008 008 250505s9999 xx 000 0 eng d
037 _aTextual
040 _aFEDL
_beng
_cFEDL
041 _aeng
_2eng
084 _a363.7, PEA
_qFEDL
100 _aPearce Fred
_9237914
245 0 _aTurning up the heat : Our perilous future in the globlal greenhouse
260 _aLondon, UK
_bPaladin Grafton Books
_c1989
300 _a230
365 _aGBP
_b2.25
942 _cTEXL
_h363.7, PEA
999 _c1396225
_d1396225